|
|
|
|
| LEADER |
00000nam0a2200000 4500 |
| 001 |
123570 |
| 005 |
20231031130517.0 |
| 020 |
|
|
|a RU
|b 88-48377
|
| 035 |
|
|
|a (RuTPU)RU\TPU\book\133750
|
| 090 |
|
|
|a 123570
|
| 100 |
|
|
|a 20071019d1987 km a0rusy5003 ca
|
| 101 |
0 |
|
|a rus
|
| 102 |
|
|
|a RU
|
| 105 |
|
|
|a a z 001zy
|
| 200 |
1 |
|
|a Повышение эффективности пневмоударных буровых машин
|f Академия наук СССР (АН СССР), Сибирское отделение (СО), Институт горного дела (ИГД) ; отв. ред. А. Д. Костылев
|
| 210 |
|
|
|a Новосибирск
|c ИГД
|d 1987
|
| 215 |
|
|
|a 133 с.
|c ил.
|
| 320 |
|
|
|a Библиография в конце статей
|
| 610 |
1 |
|
|a повышение
|
| 610 |
1 |
|
|a эффективность
|
| 610 |
1 |
|
|a пневмоударное бурение
|
| 610 |
1 |
|
|a пневмоударные машины
|
| 610 |
1 |
|
|a сборники
|
| 610 |
1 |
|
|a буровые машины
|
| 610 |
1 |
|
|a буровые станки
|
| 610 |
1 |
|
|a исследование
|
| 610 |
1 |
|
|a буровые скважины
|
| 675 |
|
|
|a 622.233.5
|v 3
|
| 702 |
|
1 |
|a Костылев
|b А. Д.
|g Александр Дмитриевич
|4 340
|
| 712 |
0 |
2 |
|a Академия наук СССР (АН СССР)
|b Сибирское отделение (СО)
|b Институт горного дела (ИГД)
|c (Новосибирск)
|2 stltpush
|3 (RuTPU)RU\TPU\col\11352
|
| 801 |
|
0 |
|a RU
|b RuMRKP
|c 19960705
|g psbo
|
| 801 |
|
1 |
|a RU
|b 63413507
|c 20071019
|g PSBO
|
| 801 |
|
2 |
|a RU
|b 63413507
|c 20150319
|g PSBO
|
| 900 |
|
|
|a Буровые машины и механизмы
|
| 942 |
|
|
|c BK
|